000 01475nam a2200217Ia 4500
003 Ost
005 20260416102357.0
008 260416s9999||||xx |||||||||||||| ||und||
040 _cfsecg
041 _aara
082 _a338.6048
100 _aصدوقي، عقيلة
_eمؤلف
245 0 _aاستراتيجية المؤسسة :
_bمطبوعة جامعية موجهة لطلبة السنة الثالثة تخصص إقتصاد و تسيير المؤسسة إستراتيجية المؤسسة /
_c عقيلة صدوقي
260 _aالجزائر
_bجامعة الجزائر3: كلية العلوم الإقتصادية، العلوم التجارية وعلوم التسيير
_c2021
300 _a104 ورقة
_bايضاحات
_c30 سم
504 _aمراجع ص.100
520 _aالاطار الفكري لاستراتيجية المؤسسة ، عناصر الاتجاه الاستراتيجي ، التجزئة الاستراتيجية، التشخيص الاستراتيجي للبيئة الخارجية و للبيئة الداخلية، الادوات المساعدة في اختيار الاستراتيجية، أنواع الاختيارات الاستراتيجية و أخيرا دراسة الحالة.
653 _aالاستراتيجية التنافسية
710 _aجامعة الجزائر3: كلية العلوم الإقتصادية، العلوم التجارية وعلوم التسيير
_eناشر علمي
942 _cHANDOUT
999 _c41252
_d41252